000 00731nam a2200253Ia 4500
003 OSt
005 20221006143007.0
006 a|||||r|||| 00| 0
007 ta
008 221006b |||||||| |||| 00| 0 eng d
020 _c
_37.40
024 _a7,749
037 _cTextual
040 _aEASL
_cEASL
_beng
041 _2eng
_aeng
082 _aY:356:6.420g5.N22, L6
100 _aHELAN MARLYS Hopper
_9648915
245 0 _aConflect between Japanese tradition and western learning in the Meiji
260 _aMissouri
_bXerox University Microfilms
_c1976
300 _a299p.
_ccm.
490 _v Oth
942 _hY:356:6.420g5.N22, L6
_cTEXL
_2CC
999 _c1075835
_d1075835